000 00294nam a22001337a 4500
008 170406b xxu||||| |||| 00| 0 eng d
020 _a9780683028188
041 _aeng
080 _a611.018
100 _a9
101 _aSHM
245 _aATALAS HISTOLOGY
_cEROSCHENKO.V.P
942 _2udc
_cBK
999 _c10026
_d10026